000 00498nam a2200181 i 4500
001 95390
003 ES-MaACL
005 20250805063251.0
007 t|
008 050527s1978 sp ||||1| spa d
100 1 _aLlarch, Joan,
_d1920-1987
_972722
245 1 0 _aBatallones de trabajadores /
_cJoan Llarch.
250 _a[1ª ed.].
260 _aBarcelona :
_bPlaza & Janés,
_c1978.
300 _a307 p. ;
_c18 cm.
852 _aES-MaACL
_jA-9350
_bR.98176
999 _c95390
_d95390